000 00788cam a22002534a 4500
001 12229124
005 20180208082316.0
008 001113s2002 maua b 001 0 eng
010 _a 00066436
020 _a0256133603 (alk. paper)
040 _aDLC
_cDLC
_dDLC
041 _aeng
042 _apcc
043 _an-us---
080 _a658.8/342 ERI
082 0 0 _a658.8/342 ERI
_221
100 1 _a54
101 _aMAN
245 1 0 _aConsumers /
_cEric Arnould, Linda Price, George Zinkhan.
504 _aIncludes bibliographical references and indexes.
906 _a7
_bcbc
_corignew
_d1
_eocip
_f20
_gy-gencatlg
942 _2ddc
_cBK
999 _c42167
_d42167